Introduction to Meetings, Incentives, Conferences and Events management (MICE) (Record no. 2130)

MARC details
000 -LEADER
fixed length control field 00629nam a22001937a 4500
005 - DATE AND TIME OF LATEST TRANSACTION
control field 20230510082333.0
008 - FIXED-LENGTH DATA ELEMENTS--GENERAL INFORMATION
fixed length control field 230510b |||||||| |||| 00| 0 eng d
020 ## - INTERNATIONAL STANDARD BOOK NUMBER
International Standard Book Number 978-621-04-0384-8
082 ## - DEWEY DECIMAL CLASSIFICATION NUMBER
Classification number Fil. 394.2068 C957 2020
100 ## - MAIN ENTRY--PERSONAL NAME
Personal name Cruz, Zenaida L.
Relator term author
245 ## - TITLE STATEMENT
Title Introduction to Meetings, Incentives, Conferences and Events management (MICE)
Statement of responsibility, etc. Zenaida Lansangan-Cruz
250 ## - EDITION STATEMENT
Edition statement 1st ed.
260 ## - PUBLICATION, DISTRIBUTION, ETC.
Place of publication, distribution, etc. Manila:
Name of publisher, distributor, etc. Rex Book Store,
Date of publication, distribution, etc. c2020
300 ## - PHYSICAL DESCRIPTION
Extent vi, 214p.:
Other physical details ill.
490 ## - SERIES STATEMENT
Series statement HRM-Tourism series
504 ## - BIBLIOGRAPHY, ETC. NOTE
Bibliography, etc. note Includes index
541 ## - IMMEDIATE SOURCE OF ACQUISITION NOTE
Accession number 7083 c.1, 7084 c.2, 7085 c.3
650 ## - SUBJECT ADDED ENTRY--TOPICAL TERM
Topical term or geographic name entry element Special events - Management
Holdings
Withdrawn status Lost status Source of classification or shelving scheme Damaged status Not for loan Home library Current library Date acquired Total Checkouts Full call number Barcode Date last seen Date last checked out Copy number Price effective from Koha item type
    Dewey Decimal Classification     ctu-moalboal ctu-moalboal 01/27/2022 1 Fil. 394.2068 C957 2020 7083 08/26/2025 09/02/2023 1 05/10/2023 Books-Filipiniana
    Dewey Decimal Classification     ctu-moalboal ctu-moalboal 01/27/2022   Fil. 394.2068 C957 2020 7084 05/10/2023   2 05/10/2023 Books-Filipiniana
    Dewey Decimal Classification     ctu-moalboal ctu-moalboal 01/27/2022   Fil. 394.2068 C957 2020 7085 05/10/2023   3 05/10/2023 Books-Filipiniana